| 000 | 02946cam a2200385 a 4500 | ||
|---|---|---|---|
| 999 |
_c619 _d619 |
||
| 001 | 13412067 | ||
| 003 | GZU | ||
| 005 | 20200908152128.0 | ||
| 008 | 031121s2004 nju b 001 0 eng | ||
| 010 | _a 2003025547 | ||
| 020 | _a1592211607 | ||
| 020 | _a9781592211609 | ||
| 020 | _a1592211615 (pbk.) | ||
| 020 | _a9781592211616 (pbk.) | ||
| 035 | _a(OCoLC)ocm53896536 | ||
| 035 | _a(OCoLC)53896536 | ||
| 040 |
_aDLC _cDLC _dYDX _dBAKER _dBTCTA _dYDXCP _dTTU _dDLC |
||
| 043 | _af------ | ||
| 050 | 0 | 0 | _aDT 30.5 0ST 2004 |
| 082 | 0 | 0 |
_a960.3/2 _222 |
| 100 | 1 | _aMazrui, Ali AlʾAmin. | |
| 245 | 1 | 0 |
_aPower, politics, and the African condition / _cedited by Robert L. Ostergard, Jr., Ricardo Rene Laremont, Fouad Kalouche. |
| 260 |
_aTrenton, NJ : _bAfrica World Press, _cc2004. |
||
| 300 |
_aviii, 477 p. ; _c23 cm. |
||
| 440 | 0 | _aClassic authors and texts on Africa | |
| 490 | 1 |
_aCollected essays of Ali A. Mazrui ; _vv. 3 |
|
| 504 | _aIncludes bibliographical references and index. | ||
| 505 | 0 | _aState formation and nation-building in Africa (1975) -- Africa : the political culture of nationhood and the political economy of the state (1983) -- Francophone nations and English-speaking states : imperial ethnicity and African political formations (1983) -- Ethnicity and national integration in Africa's experience (1969/1989) -- Africa between nationalism and nationhood (1982) -- Superpower ethics : a third world perspective (1987) -- Unequal interdependence : towards a theory of north-south relations (1975) -- Afrostroika and planned governance : economic adjustment and political engineering (1996) -- On poet-presidents and philosopher-kings (1990) -- Educated Africans in politics and society (1978) -- Ghandi, Marx, and the warrior tradition (1977) -- Amin versus Jimmy Carter : a moral cleavage between north and south? (1978) -- Violent contiguity and the politics of re-tribalization in Africa (1969) -- Soldiers as traditionalizers : military rule and the re-Africanization of Africa (1977) -- The United Nations and African state sovereignty (1964) -- The anatomy of violence in Black Africa : towards mechanisms for conflict resolution (1976) -- From Pax Europa to Pax Africana : intervention and demilitarization in Africa (2001) -- Ali Mazrui's political sociology of language / Mohamed Bakari -- Culture, religion, and women's fate : Africa's triple heritage and Ali Mazrui's writings on gender and African women / Roberta Ann Dunbar -- The nexus of the triple heritage and the call for justice in the scholarship of Ali Mazrui / Fouad Kalouche. | |
| 651 | 0 |
_aAfrica _xPolitics and government _y1960- |
|
| 700 | 1 | _aOstergard, Robert L. | |
| 800 | 1 |
_aMazrui, Ali AlʾAmin. _tEssays. _kSelections ; _vv. 3. |
|
| 906 |
_a7 _bcbc _corignew _d1 _eecip _f20 _gy-gencatlg |
||
| 942 |
_cBK _h30.5 _iOST _k2004 |
||